| 000 | 00000cam 2200000zi 4500 |
| 001 | 9.958134 |
| 003 | CaOODSP |
| 005 | 20251215130752 |
| 006 | m o d f |
| 007 | cr |n||||||||| |
| 008 | 251210s1926 nsca o f|0| 0 eng d |
| 040 | |aCaOODSP|beng|erda|cCaOODSP |
| 043 | |an-cn--- |
| 086 | 1 |aFs52-5/16-1926E-PDF |
| 100 | 1 |aFinn, D. B., |eauthor. |
| 245 | 10|aDetermination of specific heat of fresh haddock muscle / |cD.B. Finn. |
| 264 | 1|aHalifax : |bBiological Board of Canada, |c1926. |
| 300 | |a1 online resource (3 pages) : |billustration. |
| 336 | |atext|btxt|2rdacontent |
| 337 | |acomputer|bc|2rdamedia |
| 338 | |aonline resource|bcr|2rdacarrier |
| 490 | 1 |aManuscript reports of the experimental stations ; |vno. 16 |
| 500 | |aDigitized edition from print [produced by Department of Fisheries and Oceans]. |
| 650 | 0|aRefrigeration and refrigerating machinery|xResearch. |
| 650 | 0|aSpecific heat. |
| 650 | 0|aFrozen haddock. |
| 650 | 6|aRéfrigération et appareils frigorifiques|xRecherche. |
| 650 | 6|aChaleur spécifique. |
| 650 | 6|aÉglefin congelé. |
| 710 | 2 |aBiological Board of Canada, |eissuing body. |
| 830 | #0|aManuscript reports of the experimental stations ;|vno. 16.|w(CaOODSP)9.948621 |
| 856 | 40|qPDF|s1.70 MB|uhttps://publications.gc.ca/collections/collection_2025/mpo-dfo/fs52-5/Fs52-5-16-1926-eng.pdf |